CARACTERIZACIÓN DE EXPLOTACIONES APICOLAS Y MELIPONARIOS EN QUINCE COMUNIDADES UBICADAS EN EL MUNICIPIO DE SAN CRISTÓBAL VERAPAZ, DEL DEPARTAMENTO DE ALTA VERAPAZ. (Registro nro. 2235)

Detalles MARC
000 -LEADER
campo de control de longitud fija 03330nam a22003497a 4500
001 - NÚMERO DE CONTROL
campo de control TZ 0026
003 - IDENTIFICADOR DE NÚMERO DE CONTROL
campo de control gtcocun
005 - FECHA Y HORA DE LA ÚLTIMA TRANSACCIÓN
campo de control 20251006172045.0
006 - CÓDIGOS DE INFORMACIÓN DE LONGITUD FIJA--CARACTERÍSTICAS DEL MATERIAL ADICIONAL
campo de control de longitud fija a||||gr|||| 00| 0
007 - CAMPO FIJO DE DESCRIPCIÓN FÍSICA--INFORMACIÓN GENERAL
campo de control de longitud fija ta
008 - DATOS DE LONGITUD FIJA--INFORMACIÓN GENERAL
campo de control de longitud fija 251006b2005 gt ||||| m||| 00| 0 eng d
040 ## - FUENTE DE CATALOGACIÓN
Centro catalogador/agencia de origen gtcocun
Lengua de catalogación SPA
Centro/agencia transcriptor gtcocun
Normas de descripción RDA
041 ## - CÓDIGO DE IDIOMA
Código de lengua del texto/banda sonora o título independiente SPA TZ 0026
084 ## - OTRO NÚMERO DE CLASIFICACIÓN
Número de control del registro de autoridad o número normalizado TZ 0026
100 ## - ENTRADA PRINCIPAL--NOMBRE DE PERSONA
Nombre de persona Morán Ical, Aníbal Norberto
Término indicativo de función/relación Autor
245 ## - MENCIÓN DEL TÍTULO
Título CARACTERIZACIÓN DE EXPLOTACIONES APICOLAS Y MELIPONARIOS EN QUINCE COMUNIDADES UBICADAS EN EL MUNICIPIO DE SAN CRISTÓBAL VERAPAZ, DEL DEPARTAMENTO DE ALTA VERAPAZ.
Mención de responsabilidad, etc. Aníbal Norberto Morán Ical.
Medio Impreso
264 ## - PRODUCCIÓN, PUBLICACIÓN, DISTRIBUCIÓN, FABRICACIÓN Y COPYRIGHT
Producción, publicación, distribución, fabricación y copyright Cobán, Alta Verapaz:
Nombre del de productor, editor, distribuidor, fabricante Universidad de San Carlos de Guatemala, Centro Universitario del Norte,
300 ## - DESCRIPCIÓN FÍSICA
Extensión 49 p.:
Otras características físicas Ilustraciones, gráficas.
Dimensiones 28 cm;
336 ## - TIPO DE CONTENIDO
Fuente rdacontenido
Término de tipo de contenido Texto
Código de tipo de contenido txt
337 ## - TIPO DE MEDIO
Fuente rdamedio
Nombre/término del tipo de medio Computadora
Código del tipo de medio n
338 ## - TIPO DE SOPORTE
Fuente rdasoporte
Nombre/término del tipo de soporte Código en línea
Código del tipo de soporte cr
502 ## - NOTA DE TESIS
identificador de la tesis TZ 0026
502 ## - NOTA DE TESIS
Nota de tesis Tesis de grado
Tipo de título Zootecnia,
Nombre de la institución que otorga el título Universidad de San Carlos de Guatemala, Centro Universitario del Norte, Zootecnia
Año de obtención del título 2005
Identificador de la tesis TZ 0026
520 14 - RESUMEN, ETC.
Sumario, etc. Es preocupante el panorama obtenido: tanto la apicultura como la meliponicultura, practicadas en el área de estudio, no cuentan con el apoyo de instituciones (OG’s y ONG’s) afines a este tipo de producción pecuaria.<br/><br/>La producción anual de miel común a nivel municipal es de 1,029.5 Kilogramos. El promedio del estrato uno y dos es de 12.5±2 y 21±7 kilogramos respectivamente; por lo que, ambos estratos están por debajo del promedio nacional de producción de miel colmena por año (27.27 kilogramos). De lo anterior, se establece la urgencia de la transferencia de conocimientos técnicos, sobre todo para los productores del estrato uno (1-10 colmenas), ya que estos en su mayoría trabajan con conocimientos empíricos.<br/><br/>El volumen municipal de producción de miel de meliponas es de 63.5 kilogramos anuales. Los productores del estrato uno, destinan la miel para consumo familiar y en pequeña cantidad la venden para uso medicinal. El meliponicultor del estrato dos, busca darle valor agregado a la miel, esto es fruto de la capacitación y asistencia técnica recibida.<br/><br/>Las limitantes identificadas son: a) Falta de conocimientos técnicos, asistencia técnica y financiera; b) en apicultura se suma el proceso de africanización de las abejas, así como también, la presencia de plagas y enfermedades; c) edad de los productores: es considerada como limitante para el desarrollo de ambos tipos de producción, por no estar involucrada la juventud para darle continuidad, por lo que, tanto la apicultura como la meliponicultura pueden desaparecer. De lo anterior se deriva un árbol de problemas, con la respectiva propuesta de solución, las que se presentan en los anexos 13 y 14.
650 14 - PUNTO DE ACCESO ADICIONAL DE MATERIA--TÉRMINO DE MATERIA
Fuente del encabezamiento o término LEMB
Término de materia o nombre geográfico como elemento de entrada San Cristóbal Verapaz, Alta Verapaz.
Subdivisión general Zootecnia
-- Pecuaria
-- Colmena
-- Empírico
-- Asistencia técnica
-- Meliponicultura
700 ## - ENTRADA AGREGADA--NOMBRE PERSONAL
Nombre de persona Lic. Zoot. Edwin Gonzalo Eskenasy Morales
Término indicativo de función/relación Asesor
700 ## - ENTRADA AGREGADA--NOMBRE PERSONAL
Nombre de persona Lic. Zoot. Julio Antonio Estrada Osorio
700 ## - ENTRADA AGREGADA--NOMBRE PERSONAL
Nombre de persona Lic. Zoot. Luis Humberto Coronado Yalibat
856 ## - LOCALIZACIÓN Y ACCESO ELECTRÓNICOS
Identificador Uniforme de Recurso <a href="https://drive.google.com/file/d/199qauRFGeCoi4lIM0rO413-dTFuHTdVt/view">https://drive.google.com/file/d/199qauRFGeCoi4lIM0rO413-dTFuHTdVt/view</a>
Texto de enlace PDF
Nota pública Un ejemplar en línea.
942 ## - ELEMENTOS DE ENTRADA SECUNDARIOS (KOHA)
Fuente de la clasificación o esquema de estantería Clasificación Decimal Dewey
Tipo de ítem Koha TESIS
Parte de la signatura que identifica el ejemplar (Parte del ítem) TZ 0026
Prefijo de la signatura Clasificación
Suprimir en OPAC No
-- TZ_0026_000000000000000
Existencias
Estatus retirado Estado de pérdida Fuente de la clasificación o esquema de estantería Estado de daño No para préstamo Colección Biblioteca de origen Biblioteca actual Ubicación en estantería Fecha de adquisición Número de inventario Total de préstamos Signatura topográfica completa Código de barras Visto por última vez Precio de reemplazo Tipo de ítem Koha
    Clasificación Decimal Dewey     tesis BIBLIOTECA- CUNOR -JOSÉ LUIS GONZALES ROSALES BIBLIOTECA- CUNOR -JOSÉ LUIS GONZALES ROSALES Colección tesis 16/09/2025 TZ 0026   TZ 0026 TZ 0026 16/09/2025 16/09/2025 TESIS